01277nam a2200313 i 450000100060000000300090000600500170001500800390003201500170007104000280008804100130011608000100012910000450013924500720018424600380025626000470029430000670034133600270040833700540043533800280048938000170051750001630053465800220069765800510071965800130077065000130078371000690079685600980086513719KOSZ 00520191214090757.0081119s1951 pl a g 000 0 pol aPB 1951/4007 aWA NcWA NdKOSZ 005/RW1 apolhrus a335.51 aLenin, Włodzimierzd(1870-1924).eAutor10aDzieła.nT. 21,pSierpień 1914 - grudzień 1915 /cV. I. Lenin.1 iTytuł oryginału:aSočineniâ aWarszawa :b"Książka i Wiedza",c1951. aVIII, 528, [2] stron, [2] karty tablic :bilustracje ;c20 cm. aTekstbtxt2rdacontent aBez urządzenia pośredniczącegobn2rdamedia aWoluminbnc2rdacarrier aKsiążki. aPrzekład z 4 wydania rosyjskiego przygotowanego przez Instytut Marksa - Engelsa - Lenina przy KC WKP. Wydanie polskie drukuje się na mocy uchwały KC PZPR. aFilozofia i etyka aPolityka, politologia, administracja publiczna aHistoria 4aMarksizm2 aSpółdzielnia Wydawniczo-Handlowa "Książka i Wiedza"4pbl. uhttp://koha.tu.koszalin.pl/cgi-bin/koha/opac-detail.pl?biblionumber=13719yKatalog online BPK